Southville International School and Colleges
Your cart is empty.
  • Cart
  • Lists
    Public lists Eva Luna New books Lux_list list_1
    Your lists Log in to create your own lists
  • Log in to your account
  • Your cookies
  • Search history
Southville International School and Colleges
  • Advanced search
  • Recent comments
  • Most popular
  • Libraries

Log in to your account

Log in with GOOGLE


If you do not have an external account, but do have a local account, you can still log in:

  1. Home
  2. MARC view: Beginner's guide to C++ programming /
Normal view MARC view ISBD view

Beginner's guide to C++ programming / (Record no. 363116)

[ view plain ]
MARC details
000 -LEADER
fixed length control field 00538nam a2200205Ia 4500
008 - FIXED-LENGTH DATA ELEMENTS--GENERAL INFORMATION
fixed length control field 191119s9999 xx 000 0 und d
020 ## - INTERNATIONAL STANDARD BOOK NUMBER
International Standard Book Number 978-621-406-195-2
050 ## - LIBRARY OF CONGRESS CALL NUMBER
Classification number FIL QA 76.73
050 ## - LIBRARY OF CONGRESS CALL NUMBER
Item number .C153P66 2019
100 ## - MAIN ENTRY--PERSONAL NAME
Personal name Pomerada, Jake R.
245 #0 - TITLE STATEMENT
Title Beginner's guide to C++ programming /
245 #0 - TITLE STATEMENT
Statement of responsibility, etc Jake R. Pomerada.
260 ## - PUBLICATION, DISTRIBUTION, ETC. (IMPRINT)
Place of publication, distribution, etc Philippines :
260 ## - PUBLICATION, DISTRIBUTION, ETC. (IMPRINT)
Name of publisher, distributor, etc Mindshapers,
260 ## - PUBLICATION, DISTRIBUTION, ETC. (IMPRINT)
Date of publication, distribution, etc 2019
300 ## - PHYSICAL DESCRIPTION
Extent 252 pages :
300 ## - PHYSICAL DESCRIPTION
Other physical details illustrations ;
300 ## - PHYSICAL DESCRIPTION
Dimensions 26 cm.
650 ## - SUBJECT ADDED ENTRY--TOPICAL TERM
Topical term or geographic name as entry element C++ (Computer program language).
Holdings
Withdrawn status Lost status Damaged status Home library Current library Shelving location Date acquired Cost, normal purchase price Total Checkouts Full call number Barcode Date last seen Price effective from Koha item type
      South Mansfield College South Mansfield College Filipiniana Section 08/08/2019 345.00   FIL QA 76.73 .C153P66 2019 SMC06251 06/01/2020 06/01/2020 Books

Beginner's guide to C++ programming /

APA

Pomerada J. R., .Beginner's guide to C++ programming. Philippines: .

Chicago

Pomerada Jake R, .Beginner's guide to C++ programming. Philippines: .

Harvard

Pomerada J. R., .Beginner's guide to C++ programming. Philippines: .

MLA

Pomerada Jake R, .Philippines: . .

  • Place hold
  • Print
  • Cite
  • Add to your cart (remove)
  • Save record
    BIBTEX Dublin Core MARCXML MARC (non-Unicode/MARC-8) MARC (Unicode/UTF-8) MARC (Unicode/UTF-8, Standard) MODS (XML) RIS
  • More searches
    Search for this title in:
    Other Libraries (WorldCat) Other Databases (Google Scholar) Online Stores (Bookfinder.com) Open Library (openlibrary.org)

Exporting to Dublin Core...

SOUTHVILLE LIBRARY

Southville International School and Colleges Library

1281 Tropical Ave. Cor. Luxembourg St., BF Homes International, Las Pinas City

Tel. No. 8256374 / 252358 Loc. 117/146

Powered by Koha